| 000 | 00405nam a22001217a 4500 | ||
|---|---|---|---|
| 005 | 20260629141127.0 | ||
| 100 |
_aWaqar Ahmed Khoso _a19-MIAC-05 _aSupervisor - Prof.Dr. M. Mujtaba Shaikh _91044 |
||
| 245 | _aPower Amplifier Modeling Using various Neural Networks ( Thesis ME) | ||
| 260 |
_aNawabshah _bQUEST _c2024 |
||
| 300 | _a81p. | ||
| 700 |
_aDepartment of Electronic Engineering _91045 |
||
| 942 | _cTHESIS | ||
| 999 |
_c69099 _d69096 |
||